Комплексное исследование эритроцитов крови детей с синдромом гематурии методами растровой электронной и атомно-силовой микроскопии; Перспективы развития фундаментальных наук; Т. 4 : Биология и фундаментальная медицина

Dettagli Bibliografici
Parent link:Перспективы развития фундаментальных наук=Prospects of Fundamental Sciences Development: сборник научных трудов XIV Международной конференции студентов, аспирантов и молодых ученых, г. Томск, 25-28 апреля 2017 г./ Национальный исследовательский Томский политехнический университет (ТПУ) ; под ред. И. А. Курзиной, Г. А. Вороновой.— , 2017
Т. 4 : Биология и фундаментальная медицина.— 2017.— [С. 163-165]
Autore principale: Толстоухова В. П.
Altri autori: Семенова М. Н. (научный руководитель), Мамаева С. Н.
Riassunto:Заглавие с экрана
In this work, which based on empirical data researches of children's blood smears with the syndrome of hematuria, obtained by scanning electron microscopy, processing and analysis of the results were carried by the methods of mathematical statistics. During the processing of these results the basic statistical descriptions of the linear sizes erythrocytes and other biological objects discovered were calculated.
Lingua:russo
Pubblicazione: 2017
Soggetti:
Accesso online:http://earchive.tpu.ru/handle/11683/44887
Natura: Elettronico Capitolo di libro
KOHA link:https://koha.lib.tpu.ru/cgi-bin/koha/opac-detail.pl?biblionumber=625097

MARC

LEADER 00000naa2a2200000 4500
001 625097
005 20231101133339.0
035 |a (RuTPU)RU\TPU\conf\24357 
035 |a RU\TPU\conf\24355 
090 |a 625097 
100 |a 20171206d2017 k y0rusy50 ca 
101 0 |a rus  |d eng 
102 |a RU 
105 |a y z 100zy 
135 |a drcn ---uucaa 
181 0 |a i  
182 0 |a b 
200 1 |a Комплексное исследование эритроцитов крови детей с синдромом гематурии методами растровой электронной и атомно-силовой микроскопии  |d Integrated research erythrocyte of children's blood with the syndrome of hematuria by scanning electron and atomic-powered microscopy  |f В. П. Толстоухова, М. Н. Семенова  |g науч. рук. С. Н. Мамаева 
203 |a Текст  |c электронный 
230 |a 1 компьютерный файл (pdf; 1370 Kb) 
300 |a Заглавие с экрана 
320 |a [Библиогр.: с. 165 (9 назв.)] 
330 |a In this work, which based on empirical data researches of children's blood smears with the syndrome of hematuria, obtained by scanning electron microscopy, processing and analysis of the results were carried by the methods of mathematical statistics. During the processing of these results the basic statistical descriptions of the linear sizes erythrocytes and other biological objects discovered were calculated. 
461 1 |0 (RuTPU)RU\TPU\conf\21388  |t Перспективы развития фундаментальных наук  |l Prospects of Fundamental Sciences Development  |o сборник научных трудов XIV Международной конференции студентов, аспирантов и молодых ученых, г. Томск, 25-28 апреля 2017 г.  |o в 7 т.  |f Национальный исследовательский Томский политехнический университет (ТПУ) ; под ред. И. А. Курзиной, Г. А. Вороновой  |d 2017 
463 1 |0 (RuTPU)RU\TPU\conf\21393  |t Т. 4 : Биология и фундаментальная медицина  |v [С. 163-165]  |d 2017 
510 1 |a Integrated research erythrocyte of children's blood with the syndrome of hematuria by scanning electron and atomic-powered microscopy  |z eng 
610 1 |a электронный ресурс 
610 1 |a Республика Саха-Якутия 
610 1 |a эритроциты 
610 1 |a атомно-силовая микроскопия 
610 1 |a математическая статистика 
610 1 |a экспериментальные данные 
610 1 |a морфология 
700 1 |a Толстоухова  |b В. П. 
701 1 |a Семенова  |b М. Н. 
702 1 |a Мамаева  |b С. Н.  |4 727 
801 2 |a RU  |b 63413507  |c 20171211  |g RCR 
856 4 |u http://earchive.tpu.ru/handle/11683/44887 
942 |c BK